Medical-surgical nursing : (Record no. 19431)
[ view plain ]
| 000 -LEADER | |
|---|---|
| fixed length control field | 01181cam a22003375a 4500 |
| 001 - CONTROL NUMBER | |
| control field | 9381135 |
| 005 - DATE AND TIME OF LATEST TRANSACTION | |
| control field | 20201128021257.0 |
| 008 - FIXED-LENGTH DATA ELEMENTS--GENERAL INFORMATION | |
| fixed length control field | 111130t2013 moua frb 001 0 eng d |
| 020 ## - INTERNATIONAL STANDARD BOOK NUMBER | |
| International Standard Book Number | 9781437728019 (single volume, hbk.) |
| 020 ## - INTERNATIONAL STANDARD BOOK NUMBER | |
| International Standard Book Number | 1437728014 (single volume, hbk.) |
| 020 ## - INTERNATIONAL STANDARD BOOK NUMBER | |
| International Standard Book Number | 9781437727999 (2 volume set, hbk.) |
| 020 ## - INTERNATIONAL STANDARD BOOK NUMBER | |
| International Standard Book Number | 1437727999 (2 volume set, hbk.) |
| 020 ## - INTERNATIONAL STANDARD BOOK NUMBER | |
| International Standard Book Number | 9996079740 (Vol. 1) |
| 020 ## - INTERNATIONAL STANDARD BOOK NUMBER | |
| International Standard Book Number | 9996079805 (Vol. 2) |
| 040 ## - CATALOGING SOURCE | |
| Original cataloging agency | UKMGB |
| Transcribing agency | UKMGB |
| Modifying agency | YDXCP |
| -- | VCV |
| -- | TMY |
| -- | BWX |
| -- | MMU |
| -- | EG-ScBUE |
| 082 04 - DEWEY DECIMAL CLASSIFICATION NUMBER | |
| Classification number | 617.0231 |
| Item number | IGN |
| Edition number | 22 |
| 100 1# - MAIN ENTRY--PERSONAL NAME | |
| Personal name | Ignatavicius, Donna D., |
| 245 00 - TITLE STATEMENT | |
| Title | Medical-surgical nursing : |
| Remainder of title | patient-centered collaborative care / |
| Statement of responsibility, etc | [edited by] Donna D. Ignatavicius, M. Linda Workman. |
| 250 ## - EDITION STATEMENT | |
| Edition statement | 7th ed. |
| 260 ## - PUBLICATION, DISTRIBUTION, ETC. (IMPRINT) | |
| Place of publication, distribution, etc | Missouri : |
| Name of publisher, distributor, etc | Elsevier Saunders, |
| Date of publication, distribution, etc | c.2013. |
| 300 ## - PHYSICAL DESCRIPTION | |
| Extent | [Various pagings] : |
| Other physical details | ill. (col.) ; |
| Dimensions | 29 cm. |
| 500 ## - GENERAL NOTE | |
| General note | Includes glossary. |
| 504 ## - BIBLIOGRAPHY, ETC. NOTE | |
| Bibliography, etc | Includes bibliographical references and index. |
| 650 #7 - SUBJECT ADDED ENTRY--TOPICAL TERM | |
| Topical term or geographic name as entry element | Surgical nursing. |
| Source of heading or term | BUEsh |
| 9 (RLIN) | 2162 |
| 650 #7 - SUBJECT ADDED ENTRY--TOPICAL TERM | |
| Topical term or geographic name as entry element | Nursing. |
| Source of heading or term | BUEsh |
| 650 #7 - SUBJECT ADDED ENTRY--TOPICAL TERM | |
| Topical term or geographic name as entry element | Perioperative Nursing. |
| Source of heading or term | BUEsh |
| 9 (RLIN) | 21345 |
| 651 ## - SUBJECT ADDED ENTRY--GEOGRAPHIC NAME | |
| Source of heading or term | BUEsh |
| 653 ## - INDEX TERM--UNCONTROLLED | |
| Resource For college | Nursing |
| Arrived date list | May2015 |
| 700 1# - ADDED ENTRY--PERSONAL NAME | |
| Personal name | Workman, M. Linda, |
| 942 ## - ADDED ENTRY ELEMENTS (KOHA) | |
| Source of classification or shelving scheme | Dewey Decimal Classification |
| Withdrawn status | Item status | Source of classification or shelving scheme | Damaged status | Not for loan | Vendor | Home library | Current library | Shelving location | Date acquired | Source of acquisition | Cost, normal purchase price | Serial Enumeration / chronology | Total Checkouts | Total Renewals | Full call number | Barcode | Date last seen | Date last borrowed | Cost, replacement price | Koha item type | Public note |
|---|---|---|---|---|---|---|---|---|---|---|---|---|---|---|---|---|---|---|---|---|---|
| Dewey Decimal Classification | Baccah | Central Library | Central Library | First floor | 25/05/2015 | 898.00 | 22353 | 3 | 19 | 617.0231 IGN | 000038308 | 15/07/2025 | 11/09/2019 | 1123.00 | Book - Borrowing | VOL. 1. | |||||
| Dewey Decimal Classification | Baccah | Central Library | Central Library | First floor | 25/05/2015 | 898.00 | 22353 | 2 | 8 | 617.0231 IGN | 000038311 | 15/07/2025 | 09/09/2019 | 1123.00 | Book - Borrowing | VOL. 2. | |||||
| Dewey Decimal Classification | Baccah | Central Library | Central Library | First floor | 25/05/2015 | 898.00 | 22353 | 3 | 3 | 617.0231 IGN | 000038312 | 15/07/2025 | 19/09/2016 | 1123.00 | Book - Borrowing | VOL. 1, VOL. 2. |